La salud en Colombia : (Registro nro. 6059)
[ vista simple ]
| 000 -LEADER | |
|---|---|
| fixed length control field | 01222nam a2200265Ia 4500 |
| 003 - CONTROL NUMBER IDENTIFIER | |
| control field | OSt |
| 005 - DATE AND TIME OF LATEST TRANSACTION | |
| control field | 20200929114205.0 |
| 008 - FIXED-LENGTH DATA ELEMENTS--GENERAL INFORMATION | |
| fixed length control field | 191128s2012 ck a gr 000 0 spa d |
| 020 ## - INTERNATIONAL STANDARD BOOK NUMBER | |
| International Standard Book Number | 9789586957748 |
| 040 ## - CATALOGING SOURCE | |
| Original cataloging agency | CO-JMCR |
| Transcribing agency | CO-JMCR |
| 041 0# - LANGUAGE CODE | |
| Language code of text/sound track or separate title | spa |
| 082 04 - DEWEY DECIMAL CLASSIFICATION NUMBER | |
| Classification number | 610.8 / |
| Item number | B517s |
| Edition number | 23 |
| 100 1# - MAIN ENTRY--PERSONAL NAME | |
| Personal name | Bernal, Óscar, |
| Relator term | compilador |
| 9 (RLIN) | 10950 |
| 245 13 - TITLE STATEMENT | |
| Title | La salud en Colombia : |
| Remainder of title | Logros, retos y recomendaciones / |
| Statement of responsibility, etc. | compiladores Óscar Bernal, Catalina Gutiérrez |
| 250 ## - EDITION STATEMENT | |
| Edition statement | Primera edición |
| 260 ## - PUBLICATION, DISTRIBUTION, ETC. | |
| Place of publication, distribution, etc. | Bogotá : |
| Name of publisher, distributor, etc. | Universidad de los Andes, Escuela de Gobierno, |
| Date of publication, distribution, etc. | 2012. |
| 300 ## - PHYSICAL DESCRIPTION | |
| Extent | 568 páginas : |
| Other physical details | gráficos a blanco y negro ; |
| Dimensions | 24 cm. |
| 500 ## - GENERAL NOTE | |
| General note | Incluye datos biográficos de los compiladores en solapa frontal. |
| 504 ## - BIBLIOGRAPHY, ETC. NOTE | |
| Bibliography, etc. note | Bibliografía : páginas 556-560. |
| 505 0# - FORMATTED CONTENTS NOTE | |
| Formatted contents note | Avances y retrocesos en la salud -- Diagnósticos e inquietudes de la salud -- Financiación de la seguridad social en salud -- La organización institucional y la regulación en el sistema general de seguridad social en salud en Colombia |
| 650 24 - SUBJECT ADDED ENTRY--TOPICAL TERM | |
| Topical term or geographic name entry element | Salud |
| General subdivision | Investigaciones |
| Geographic subdivision | Colombia |
| 9 (RLIN) | 10951 |
| 650 24 - SUBJECT ADDED ENTRY--TOPICAL TERM | |
| Topical term or geographic name entry element | Financiamiento de la salud |
| Geographic subdivision | Colombia |
| 9 (RLIN) | 9770 |
| 700 1# - ADDED ENTRY--PERSONAL NAME | |
| Personal name | Gutiérrez, Catalina, |
| Relator term | compiladora |
| 9 (RLIN) | 10952 |
| 942 ## - ADDED ENTRY ELEMENTS (KOHA) | |
| Source of classification or shelving scheme | Dewey Decimal Classification |
| Koha item type | Books |
| Withdrawn status | Lost status | Source of classification or shelving scheme | Materials specified (bound volume or other part) | Damaged status | Not for loan | Home library | Current library | Shelving location | Date acquired | Source of acquisition | Total Checkouts | Full call number | Barcode | Date last seen | Date last checked out | Copy number | Price effective from | Koha item type |
|---|---|---|---|---|---|---|---|---|---|---|---|---|---|---|---|---|---|---|
| Dewey Decimal Classification | Donación--15/04/2018-- | Biblioteca Pública José María del Castillo y Rada | Biblioteca Pública José María del Castillo y Rada | General Stacks | 11/28/2019 | Donación | 2 | 610.8 / B517s | 430011573 | 02/11/2026 | 02/11/2026 | Ej.1 | 11/28/2019 | Books | ||||
| Dewey Decimal Classification | Donación--15/04/2018-- | Biblioteca Pública José María del Castillo y Rada | Biblioteca Pública José María del Castillo y Rada | General Stacks | 11/28/2019 | Donación | 610.8 / B517s | 430011574 | 05/16/2024 | Ej.2 | 11/28/2019 | Books |